[Event "Landesliga Nord 1213 U20"]
[Site "Bayern"]
[Date "2012.12.01"]
[Round "2.3"]
[White "Vetter, Andre"]
[Black "Alsheimer, Lea"]
[Result "1-0"]
[WhiteElo "1639"]
[BlackElo "1366"]
[PlyCount "85"]
[EventDate "2012.10.20"]
[EventType "team-tourn"]
[EventRounds "7"]
[EventCountry "GER"]
[SourceTitle "EXT 2020"]
[Source "ChessBase"]
[SourceDate "2019.10.17"]
[SourceVersion "1"]
[SourceVersionDate "2019.10.17"]
[SourceQuality "1"]
[WhiteTeam "Windheim U20"]
[BlackTeam "Bechhofen U20"]
[WhiteTeamCountry "GER"]
[BlackTeamCountry "GER"]

1. e4 d5 2. exd5 Qxd5 3. c4 Qd8 4. d4 c6 5. Nf3 e6 6. Be2 Nf6 7. Qc2 Nbd7 8. 0-0 Qc7 9. Nc3 b6 10. Rd1 Bb7 11. Bg5 Ng4 12. h3 h6 13. Bh4 Ngf6 14. Rac1 Bd6 15. Bxf6 Nxf6 16. a3 a5 17. Ne4 Nxe4 18. Qxe4 0-0 19. c5 bxc5 20. dxc5 Bf4 21. Rc4 Ba6 22. Rcd4 e5 23. Rd7 f5 24. Bxa6 Qxd7 25. Bc4+ Kh8 26. Qc2 Qe7 27. g3 Bg5 28. h4 Bf6 29. Qxf5 Bxh4 30. Nxh4 Rxf5 31. Ng6+ Kh7 32. Nxe7 Rf6 33. Rd7 e4 34. Rc7 Raf8 35. g4 h5 36. Be2 Rxf2 37. Bc4 Rxb2 38. Rxc6 hxg4 39. Re6 Rb1+ 40. Kg2 Re1 41. c6 Rc1 42. Rxe4 Rf3 43. Rxg4 1-0

[Event "Oberfranken-ch op 0607"]
[Site "Schney"]
[Date "2007.01.05"]
[Round "7"]
[White "Dueduekcue, Baris"]
[Black "Vetter, Andre"]
[Result "1/2-1/2"]
[WhiteElo "796"]
[BlackElo "1252"]
[PlyCount "51"]
[EventDate "2007.01.02"]
[EventType "swiss"]
[EventRounds "9"]
[EventCountry "GER"]
[SourceTitle "EXT 2024"]
[Source "ChessBase"]
[SourceDate "2023.10.10"]
[SourceVersion "1"]
[SourceVersionDate "2023.10.10"]
[SourceQuality "1"]

1. e4 e5 2. Nf3 Nc6 3. Bb5 Nf6 4. Bxc6 dxc6 5. d3 Bd6 6. Nc3 0-0 7. 0-0 h6 8. h3 Nh7 9. d4 Qf6 10. d5 Be7 11. Be3 Qg6 12. Ne2 Bxh3 13. Ng3 Bg4 14. dxc6 Bg5 15. Nxe5 Bxd1 16. Nxg6 fxg6 17. Bxg5 Nxg5 18. Raxd1 bxc6 19. Rd7 Rf7 20. Rfd1 Rxd7 21. Rxd7 Rc8 22. f4 Ne6 23. f5 Nc5 24. Re7 Kf8 25. Re5 Nd7 26. Re6 1/2-1/2

[Event "Oberfranken-ch op 0607"]
[Site "Schney"]
[Date "2007.01.03"]
[Round "3"]
[White "Vetter, Andre"]
[Black "Kolbeck, Lukas"]
[Result "1/2-1/2"]
[WhiteElo "1252"]
[BlackElo "1111"]
[PlyCount "30"]
[EventDate "2007.01.02"]
[EventType "swiss"]
[EventRounds "9"]
[EventCountry "GER"]
[SourceTitle "EXT 2024"]
[Source "ChessBase"]
[SourceDate "2023.10.10"]
[SourceVersion "1"]
[SourceVersionDate "2023.10.10"]
[SourceQuality "1"]

1. e4 e5 2. Nf3 Nc6 3. Bb5 Nf6 4. d3 a6 5. Bxc6 dxc6 6. Nxe5 Bd6 7. Nf3 0-0 8. 0-0 Re8 9. Nc3 Qe7 10. Re1 Be5 11. Bd2 Bg4 12. Bg5 h6 13. Bh4 Qd6 14. Bg3 Rad8 15. Qe2 Nh5 1/2-1/2

[Event "Oberfranken-ch op 0607"]
[Site "Schney"]
[Date "2007.01.03"]
[Round "5"]
[White "Vetter, Andre"]
[Black "Oberle, Marcus"]
[Result "1/2-1/2"]
[WhiteElo "1252"]
[BlackElo "1207"]
[PlyCount "59"]
[EventDate "2007.01.02"]
[EventType "swiss"]
[EventRounds "9"]
[EventCountry "GER"]
[SourceTitle "EXT 2024"]
[Source "ChessBase"]
[SourceDate "2023.10.10"]
[SourceVersion "1"]
[SourceVersionDate "2023.10.10"]
[SourceQuality "1"]

1. e4 e5 2. Nf3 Nf6 3. Nxe5 d6 4. Nf3 Nxe4 5. Qe2 Qe7 6. d3 Nf6 7. h3 Nc6 8. Bg5 Qxe2+ 9. Bxe2 Be7 10. 0-0 0-0 11. Re1 Re8 12. Nc3 Bf5 13. Nh4 Bg6 14. Nxg6 fxg6 15. Bf3 Rab8 16. Nd5 Nxd5 17. Bxd5+ Kf8 18. Bxe7+ Nxe7 19. Bb3 Nf5 20. Re4 Rxe4 21. dxe4 Nd4 22. Re1 Nxb3 23. cxb3 Re8 24. f3 a6 25. Kf2 Kf7 26. g4 h6 27. Rc1 c6 28. Rd1 Ke6 29. f4 Rf8 30. Ke3 1/2-1/2